000 00351 a2200157 4500
001 171972
020 _a
040 _cMagnum
100 _aYunes, Eliana
240 1 0 _aLeitura e leituras da literatura infantil
_lpor
245 1 0 _aLeitura e leituras da literatura infantil
362 0 _a1899
440 1 _aFTD
697 _aENSINO
942 _cBK
999 _c171972
_d171972